000 01703cam0 2200385 ib4500
001 BY-MI0000-br2147982911
005 20260128151736.0
010 ^a978-5-08-007222-2
^bв переплете
100 ^a20260116d2024 a y0rusy50 ca
101 0 ^arus
102 ^aRU
105 ^aac z 000ay
109 ^ama
200 1 ^aАмазонка Риш
^eповесть
^e[для среднего и старшего школьного возраста]
^fОля Тулянская
^gиллюстрации А. Шевелевой
210 ^aМосква
^cДетская литература
^d2024
215 ^a149, [10] с.
^cил., портр.
^d22 см
225 1 ^aСерия "Лауреаты Международного конкурса имени Сергея Михалкова"
333 ^a12+
345 ^93000 экз.
606 ^aХУДОЖЕСТВЕННАЯ ЛИТЕРАТУРА
^3BY-NLB-ar37179
^2DVNLB
606 ^aВИРТУАЛЬНАЯ РЕАЛЬНОСТЬ
^3BY-NLB-ar53988
^2DVNLB
606 ^aИНТЕРНЕТ
^3BY-NLB-ar43490
^2DVNLB
606 ^aФАНТАСТИКА (лит.)
^3BY-NLB-ar2655928
^2DVNLB
608 ^3BY-NLB-ar9019
^aДЕТСКАЯ И ЮНОШЕСКАЯ ЛИТЕРАТУРА (художеств. произведение)
^2BYGNR
608 ^aПОВЕСТЬ
^3BY-NLB-ar23936
^2BYGNR
686 ^a84(2Рос)6-4
^2rubbk
690 ^a1
^2Base
^9BY-MI0000
^xRSEK
700 1 ^aТулянская
^bО.
702 1 ^aШевелева
^bА.
^4440
801 0 ^aBY
^bBY-MI0000
^c20260116
^gRCR
035 ^a(BY-MI0000)BY-MI0000-br2147982911
899 0 ^aBY-MI0000
^iТ82
^h84(2Рос)6